000 00418nam a2200169Ia 4500
001 15220
008 140403s9999 xx 000 0 und d
020 _a0-7494-2845-7
040 _cPK-LaUMT
082 _a 658.409
_bCOR-S
100 _aCorrigan, Paul
245 _aShakespeare on management : Leadership lessons for today's m
_cCorrigan, Paul
260 _c1999
300 _a244 p
546 _aEN
942 _cBK
999 _c15743
_d15743